00464nam a2200145Ia 4500003000900000008004100009040001600050080001700066100002000083245013600103260004500239300001000284650001000294700001400304IN-BaIIA211028s9999 xx 000 0 eng d cIIA Library a523.947bBUR aBurkepile, J. T 2aA Revised and expanded catalogue of mass ejections observed by the solar maximum mission coronographcJ. T. Burkepile and O. C. Cyr aBoulderbHigh Altitude Observatoryc1993 a233p. aSolar aCyr, O. C